[Event "Fagernes op"]
[Site "Fagernes"]
[Date "2021.10.17"]
[Round "9"]
[White "Dahl, Max"]
[Black "Grover, Sigurd Loe"]
[Result "1-0"]
[WhiteElo "2041"]
[BlackElo "2105"]
[PlyCount "81"]
[EventDate "2021.10.10"]
[EventType "swiss"]
[EventRounds "9"]
[EventCountry "NOR"]
[SourceTitle "CBM 204 Extra"]
[Source "ChessBase"]
[SourceDate "2021.11.30"]
[SourceVersion "1"]
[SourceVersionDate "2021.11.30"]
[SourceQuality "1"]

1. e4 e6 2. d4 d5 3. Nd2 c5 4. exd5 Qxd5 5. dxc5 Bxc5 6. Ngf3 Nf6 7. Bc4 Qc6 8. 0-0 0-0 9. Qe2 Nbd7 10. Nb3 Bd6 11. Nbd4 Qc5 12. Be3 Qh5 13. h3 Nb6 14. Nd2 Qxe2 15. Nxe2 Nxc4 16. Nxc4 Be7 17. a4 Nd5 18. Bd2 f6 19. Ne3 Nxe3 20. Bxe3 e5 21. c4 Be6 22. b3 Bb4 23. Rfd1 Rfd8 24. g4 h5 25. f3 h4 26. f4 exf4 27. Nxf4 Bf7 28. Nd5 Bxd5 29. Rxd5 Rxd5 30. cxd5 Rc8 31. Rc1 Rxc1+ 32. Bxc1 Kf7 33. Kf2 g5 34. Kf3 Bc3 35. Ke4 Ke7 36. Ba3+ Kd7 37. Bc5 a6 38. Kf5 Bb2 39. Bf8 Ke8 40. Bg7 Kf7 41. Bh8 1-0

[Event "Fagernes op"]
[Site "Fagernes"]
[Date "2021.10.13"]
[Round "5"]
[White "Koepke, Christian"]
[Black "Grover, Sigurd Loe"]
[Result "1/2-1/2"]
[WhiteElo "2346"]
[BlackElo "2105"]
[PlyCount "124"]
[EventDate "2021.10.10"]
[EventType "swiss"]
[EventRounds "9"]
[EventCountry "NOR"]
[SourceTitle "CBM 204 Extra"]
[Source "ChessBase"]
[SourceDate "2021.11.30"]
[SourceVersion "1"]
[SourceVersionDate "2021.11.30"]
[SourceQuality "1"]

1. e4 e6 2. d4 d5 3. Nc3 Nf6 4. e5 Nfd7 5. Nce2 c5 6. c3 Nc6 7. Nf3 Be7 8. a3 0-0 9. Nf4 Qa5 10. Ra2 cxd4 11. b4 Qb6 12. cxd4 f6 13. exf6 Nxf6 14. Be3 Bd6 15. Bd3 a5 16. b5 Ne7 17. 0-0 Ne4 18. Ne2 Nf5 19. Qb1 a4 20. Bxe4 dxe4 21. Ng5 Bd7 22. Qxe4 Qxb5 23. Rb1 Qc4 24. Rc2 Qd5 25. Rxb7 Bc8 26. Rb1 Bxa3 27. Nc3 Qxe4 28. Ngxe4 Be7 29. Ra1 a3 30. Rca2 Rd8 31. Nb5 Bb7 32. Nc5 Bd5 33. Rxa3 Rxa3 34. Nxa3 e5 35. Nd3 exd4 36. Bd2 Rb8 37. Nf4 Bf7 38. Nc2 g5 39. Nd3 Bc4 40. Nce1 Rb3 41. Ne5 Be2 42. g4 Nh4 43. Ra8+ Kg7 44. Ra7 Kf6 45. f4 gxf4 46. Bxf4 Ke6 47. Kf2 Bc5 48. Rc7 Bd6 49. Rxh7 Bxe5 50. Bxe5 Kxe5 51. Kxe2 Rb2+ 52. Kd3 Rxh2 53. Re7+ Kf4 54. Re4+ Kg5 55. Kxd4 Rh1 56. Nd3 Rf1 57. Nc5 Nf3+ 58. Ke3 Nh2 59. Ne6+ Kf6 60. g5+ Kf5 61. Rf4+ Rxf4 62. Nxf4 Kxg5 1/2-1/2

[Event "Fagernes op"]
[Site "Fagernes"]
[Date "2020.10.07"]
[Round "5"]
[White "Grover, Sigurd Loe"]
[Black "Machlik, Monika"]
[Result "1/2-1/2"]
[WhiteElo "2145"]
[BlackElo "2082"]
[PlyCount "64"]
[EventDate "2020.10.04"]
[EventType "swiss"]
[EventRounds "9"]
[EventCountry "NOR"]
[SourceTitle "EXT 2021"]
[Source "ChessBase"]
[SourceDate "2020.10.23"]
[SourceVersion "1"]
[SourceVersionDate "2020.10.23"]
[SourceQuality "1"]

1. d4 Nf6 2. Nf3 e6 3. c4 Bb4+ 4. Bd2 a5 5. a3 Bxd2+ 6. Qxd2 d6 7. Nc3 Nc6 8. Rd1 0-0 9. e4 Qe7 10. Be2 e5 11. dxe5 Nxe5 12. Nd4 c6 13. 0-0 Qc7 14. h3 Ng6 15. Rfe1 Re8 16. Bf1 Ne5 17. f4 Ng6 18. g3 Nh5 19. Kh2 Nf6 20. Bg2 h6 21. Nc2 Qb6 22. b4 axb4 23. axb4 h5 24. Qxd6 h4 25. c5 hxg3+ 26. Kh1 Qa6 27. Bf1 g2+ 28. Kxg2 b5 29. Bd3 Re6 30. Qd8+ Re8 31. Qd6 Re6 32. Qd8+ Re8 1/2-1/2

[Event "Konnerud NGP"]
[Site "Konnerud"]
[Date "2019.11.24"]
[Round "3"]
[White "Grover, Sigurd Loe"]
[Black "Brodtkorb, Lars Johan"]
[Result "1/2-1/2"]
[WhiteElo "2082"]
[BlackElo "2183"]
[PlyCount "111"]
[EventDate "2019.11.23"]
[EventType "swiss"]
[EventRounds "5"]
[EventCountry "NOR"]
[SourceTitle "EXT 2024"]
[Source "ChessBase"]
[SourceDate "2023.10.10"]
[SourceVersion "1"]
[SourceVersionDate "2023.10.10"]
[SourceQuality "1"]

1. e4 c5 2. Nf3 d6 3. Bb5+ Bd7 4. Bxd7+ Qxd7 5. 0-0 Nf6 6. Re1 e6 7. c4 Be7 8. d4 cxd4 9. Nxd4 0-0 10. Nc3 Nc6 11. b3 a6 12. Bb2 Rfe8 13. Na4 Rad8 14. Rc1 Qc7 15. Qe2 Nd7 16. Nc2 Bf6 17. Bxf6 Nxf6 18. Nc3 Qa5 19. Ne3 Qg5 20. Rcd1 Qe5 21. Qd3 Qf4 22. f3 h5 23. Qd2 Qe5 24. Ned5 h4 25. f4 Qh5 26. Nxf6+ gxf6 27. f5 Qg5 28. Qf2 Ne5 29. Kh1 Rd7 30. Ne2 Kf8 31. Nf4 Ke7 32. Rf1 Rg8 33. Qb6 Rc8 34. Rde1 Rc6 35. Qf2 Rc8 36. Qe2 Rg8 37. Nh3 Qg4 38. Qd2 Nd3 39. Re3 Ne5 40. Rf4 Qh5 41. Re1 Rdd8 42. Ref1 Qh6 43. Rd1 Rg4 44. Qf2 Rxf4 45. Nxf4 Ng4 46. Qd2 Qg5 47. Rf1 Ne5 48. Qb4 Rd7 49. c5 Ng4 50. cxd6+ Rxd6 51. Qxb7+ Rd7 52. Qb4+ Ke8 53. fxe6 fxe6 54. Nxe6 Nf2+ 55. Kg1 Nh3+ 56. Kh1 1/2-1/2

[Event "NOR-chT Club"]
[Site "Drammen"]
[Date "2019.05.31"]
[Round "2.3"]
[White "Grover, Sigurd Loe"]
[Black "Storme, Isak"]
[Result "0-1"]
[WhiteElo "2028"]
[BlackElo "2309"]
[PlyCount "52"]
[EventDate "2019.05.30"]
[EventType "team-swiss"]
[EventRounds "6"]
[EventCountry "NOR"]
[SourceTitle "CBM 190 Extra"]
[Source "ChessBase"]
[SourceDate "2019.07.15"]
[SourceVersion "1"]
[SourceVersionDate "2019.07.15"]
[SourceQuality "1"]
[WhiteTeam "Stjernen"]
[BlackTeam "Schakklubben av 1911"]
[WhiteTeamCountry "NOR"]
[BlackTeamCountry "NOR"]

1. c4 c6 2. e4 d5 3. exd5 cxd5 4. cxd5 Nf6 5. Nc3 Nxd5 6. Nf3 Nc6 7. Bb5 e6 8. 0-0 Be7 9. d4 0-0 10. Re1 Nxc3 11. bxc3 Qa5 12. Qb3 Rd8 13. Bf4 Nb4 14. Re5 Nd5 15. Bd2 Qc7 16. Bd3 b6 17. Qc2 g6 18. h4 Bf6 19. Re4 Bb7 20. c4 Ne7 21. Rf4 Nf5 22. Bxf5 exf5 23. Ne5 Be4 24. Qc3 Rxd4 25. Ng4 Bg7 26. Re1 fxg4 0-1

[Event "Stjernen NGP A"]
[Site "Oslo"]
[Date "2018.06.10"]
[Round "5"]
[White "Fossan, Aleksander"]
[Black "Grover, Sigurd Loe"]
[Result "1-0"]
[WhiteElo "2139"]
[BlackElo "2034"]
[PlyCount "169"]
[EventDate "2018.06.08"]
[EventType "swiss"]
[EventRounds "6"]
[EventCountry "NOR"]
[SourceTitle "EXT 2024"]
[Source "ChessBase"]
[SourceDate "2023.10.10"]
[SourceVersion "1"]
[SourceVersionDate "2023.10.10"]
[SourceQuality "1"]

1. c4 f5 2. g3 Nf6 3. Bg2 d6 4. Nc3 e5 5. d3 Be7 6. e4 0-0 7. Nge2 Qe8 8. 0-0 Qh5 9. exf5 Bxf5 10. Nd5 Nc6 11. Nec3 Qxd1 12. Rxd1 Nxd5 13. Nxd5 Bd8 14. Be3 Bg4 15. Re1 a5 16. b3 Kh8 17. a3 Ne7 18. Nc3 Nf5 19. b4 Nxe3 20. fxe3 axb4 21. axb4 Rxa1 22. Rxa1 Bg5 23. Re1 Ra8 24. h3 Bf5 25. Bxb7 Ra3 26. Be4 Bxh3 27. Nb5 Rb3 28. Nxc7 Rxb4 29. Nb5 Be7 30. Ra1 g6 31. Ra7 Bg5 32. Ra8+ Kg7 33. Nxd6 Bxe3+ 34. Kh2 Bf1 35. Ra1 Rb2+ 36. Kh1 Be2 37. Ne8+ Kf7 38. Nc7 Bf2 39. g4 Bxg4 40. Rf1 Bh3 41. Bg2 Bf5 42. Be4 Bxe4+ 43. dxe4 Ke7 44. Nd5+ Kd6 45. Kg2 Bd4+ 46. Kh3 Rf2 47. Rb1 Kc5 48. Rb7 Rf1 49. Rc7+ Kd6 50. Rc8 h5 51. Rd8+ Ke6 52. Re8+ Kf7 53. Re7+ Kf8 54. Re6 Kg7 55. c5 Bxc5 56. Rxe5 Rh1+ 57. Kg2 Rg1+ 58. Kf3 g5 59. Nf4 Rf1+ 60. Kg2 Rf2+ 61. Kh3 Rf3+ 62. Kg2 Rf2+ 63. Kh3 Kf6 64. Rf5+ Ke7 65. Ng6+ Kd6 66. Rxg5 Rf1 67. Rd5+ Kc6 68. Ne5+ Kb5 69. Nd7 Rc1 70. Kh4 Rc4 71. Kxh5 Rxe4 72. Rxc5+ Kb4 73. Kg5 Rc4 74. Rd5 Kc3 75. Ne5 Ra4 76. Kf5 Rh4 77. Rc5+ Kb4 78. Rc8 Kb3 79. Nf3 Rb4 80. Ke5 Ra4 81. Nd4+ Ka3 82. Rb8 Ra5+ 83. Ke4 Ka4 84. Rb3 Ra6 85. Rb1 1-0

[Event "Stjernen NGP A"]
[Site "Oslo"]
[Date "2018.06.09"]
[Round "4"]
[White "Grover, Sigurd Loe"]
[Black "Sidali, Elias Hulleberg"]
[Result "1/2-1/2"]
[WhiteElo "2034"]
[BlackElo "2011"]
[PlyCount "83"]
[EventDate "2018.06.08"]
[EventType "swiss"]
[EventRounds "6"]
[EventCountry "NOR"]
[SourceTitle "EXT 2024"]
[Source "ChessBase"]
[SourceDate "2023.10.10"]
[SourceVersion "1"]
[SourceVersionDate "2023.10.10"]
[SourceQuality "1"]

1. c4 Nf6 2. Nc3 g6 3. e4 Bg7 4. d4 0-0 5. h3 d6 6. Be3 e5 7. d5 c5 8. g4 Na6 9. Nge2 Nc7 10. Ng3 a6 11. Qd2 Re8 12. f3 h5 13. Bg5 h4 14. Bxh4 b5 15. cxb5 Nxb5 16. Nxb5 axb5 17. Bxb5 Rf8 18. Bg5 Qb6 19. Bc4 Ba6 20. Bxa6 Rxa6 21. Be3 Rfa8 22. a3 Rb8 23. b4 Qb5 24. bxc5 dxc5 25. Kf2 c4 26. Qc2 Qb3 27. Rhc1 Rxa3 28. Rxa3 Qxa3 29. Qxc4 Rb3 30. Nf1 Kh7 31. Rc2 Rb1 32. Ra2 Rxf1+ 33. Kxf1 Qxe3 34. Qe2 Qc1+ 35. Kg2 Bh6 36. Qb2 Qc4 37. Ra7 Nxe4 38. Rxf7+ Kg8 39. Rd7 Nd2 40. Rd8+ Kh7 41. Rd7+ Kg8 42. Rd8+ 1/2-1/2

[Event "Oslo op"]
[Site "Fornebu"]
[Date "2017.10.02"]
[Round "5"]
[White "Grover, Sigurd Loe"]
[Black "Kalkman de Koster, Franzke"]
[Result "1-0"]
[WhiteElo "1816"]
[BlackElo "1538"]
[PlyCount "63"]
[EventDate "2017.09.29"]
[EventType "swiss"]
[EventRounds "10"]
[EventCountry "NOR"]
[SourceTitle "CBM 181 Extra"]
[Source "ChessBase"]
[SourceDate "2017.12.12"]
[SourceVersion "1"]
[SourceVersionDate "2017.12.12"]
[SourceQuality "1"]

1. e4 e5 2. Nf3 Nc6 3. Bc4 Be7 4. d4 exd4 5. c3 d6 6. Qb3 dxc3 7. Nxc3 h6 8. Bxf7+ Kf8 9. Bg6 d5 10. exd5 Qd6 11. dxc6 Qxg6 12. cxb7 Rb8 13. bxc8Q+ Rxc8 14. 0-0 Bc5 15. Ne5 Qf5 16. Qd5 Bd6 17. Re1 Re8 18. f4 g5 19. g4 Qe6 20. Qf3 Kg7 21. Nd3 Qc8 22. Be3 Nf6 23. Bd4 c5 24. Bxf6+ Kxf6 25. Ne4+ Kg6 26. Nxd6 Rxe1+ 27. Rxe1 Qa8 28. Ne5+ Kg7 29. Nf5+ Kh7 30. Nd7 Qxf3 31. Re7+ Kg6 32. Rg7# 1-0

[Event "Oslo op"]
[Site "Fornebu"]
[Date "2017.09.30"]
[Round "2"]
[White "Nordquelle, Amelia"]
[Black "Grover, Sigurd Loe"]
[Result "0-1"]
[WhiteElo "1546"]
[BlackElo "1816"]
[PlyCount "53"]
[EventDate "2017.09.29"]
[EventType "swiss"]
[EventRounds "10"]
[EventCountry "NOR"]
[SourceTitle "CBM 181 Extra"]
[Source "ChessBase"]
[SourceDate "2017.12.12"]
[SourceVersion "1"]
[SourceVersionDate "2017.12.12"]
[SourceQuality "1"]

1. d4 d5 2. Bf4 Nf6 3. c4 c5 4. e3 Nc6 5. Nc3 cxd4 6. exd4 Bg4 7. f3 Bf5 8. c5 g6 9. Nge2 Bg7 10. Ng3 Qd7 11. Bb5 0-0 12. 0-0 Ne8 13. Re1 Be6 14. Kf1 Nc7 15. Ba4 Rac8 16. b4 Qd8 17. Be3 Nxb4 18. Rb1 a5 19. a3 Nba6 20. Rxb7 Nxc5 21. Ra7 Nxa4 22. Qxa4 Ne8 23. Nce2 Nd6 24. Qxa5 Qxa5 25. Rxa5 Nc4 26. Ra7 Nxe3+ 27. Kf2 0-1

[Event "Oslo Stjernens op"]
[Site "Oslo"]
[Date "2017.06.17"]
[Round "4"]
[White "Abdrlauf, Elham"]
[Black "Grover, Sigurd Loe"]
[Result "0-1"]
[WhiteElo "1780"]
[BlackElo "1818"]
[PlyCount "97"]
[EventDate "2017.06.16"]
[EventType "swiss"]
[EventRounds "6"]
[EventCountry "NOR"]
[SourceTitle "EXT 2018"]
[Source "ChessBase"]
[SourceDate "2017.10.13"]
[SourceVersion "1"]
[SourceVersionDate "2017.10.13"]
[SourceQuality "1"]

1. e4 e5 2. Nf3 Nc6 3. Bc4 Nf6 4. d3 Bc5 5. Nc3 d6 6. a3 Nd4 7. Nxd4 Bxd4 8. 0-0 Bg4 9. Qe1 Nh5 10. Be3 c6 11. f3 Qg5 12. Bxd4 Bh3 13. Qf2 exd4 14. Ne2 0-0 15. f4 Qg6 16. Nxd4 Nxf4 17. Qg3 Qf6 18. Qxf4 Qxd4+ 19. Qf2 Qxf2+ 20. Rxf2 Be6 21. Bxe6 fxe6 22. Raf1 Rxf2 23. Rxf2 Rf8 24. g4 g5 25. Rxf8+ Kxf8 26. Kf2 b5 27. Ke3 Ke7 28. d4 e5 29. c3 c5 30. dxc5 dxc5 31. c4 b4 32. Kf3 Kd6 33. h4 h6 34. hxg5 hxg5 35. Ke3 Kc6 36. Kd3 a5 37. axb4 cxb4 38. Kc2 Kc5 39. Kb3 a4+ 40. Kxa4 Kxc4 41. Ka5 Kd4 42. Kxb4 Kxe4 43. Kc3 Kf3 44. Kd2 Kxg4 45. b4 Kf5 46. Kc3 g4 47. b5 Ke6 48. Kb4 g3 49. b6 0-1